000 00364nam a2200133Ia 4500
008 220216s9999 xx 000 0 und d
100 _aCapen B H
245 0 _aRecent American developments in the waterproof and canvas shoe industry
260 _bRubber Developments
_c1953
300 _a137-139
650 _aFootwear industry
650 _aRubber
942 _cJS
999 _c66421
_d66421